Statistics for Animals Beginning with 'G' - Pictures

Click here to take the quiz!

General Stats

  • This quiz has been taken 61 times
  • The average score is 15 of 24

Answer Stats

Answer % Correct
Goat
94%
Gorilla
92%
Giraffe
92%
Goldfish
88%
Goose
86%
Grasshopper
82%
Guinea Pig
82%
Great White Shark
80%
Gecko
76%
Greyhound
76%
Grizzly Bear
73%
Gnu
73%
Giant Panda
73%
Groundhog
51%
Gazelle
51%
Gerbil
47%
Gibbon
47%
Giant Anteater
45%
Grouper
37%
Gnat
33%
Golden Eagle
31%
Grouse
24%
Galah
12%
Goanna
10%

Score Distribution

Percentile by Number Answered

Percent of People with Each Score

Your Score History

You have not taken this quiz